A comparative study of Buddhism and Christianity / (Record no. 166375)

MARC details
000 -LEADER
fixed length control field 01101nam a2200325 a 4500
001 - CONTROL NUMBER
control field vtls000162803
003 - CONTROL NUMBER IDENTIFIER
control field NLI
005 - DATE AND TIME OF LATEST TRANSACTION
control field 20210602102937.0
008 - FIXED-LENGTH DATA ELEMENTS--GENERAL INFORMATION
fixed length control field 101125s1967 ja a 001 0 eng
039 #9 - LEVEL OF BIBLIOGRAPHIC CONTROL AND CODING DETAIL [OBSOLETE]
-- 201011251709
-- VLOAD
040 0# - CATALOGING SOURCE
Original cataloging agency NLI
Language of cataloging eng
Transcribing agency Entertech-FY 2010
Description conventions AACR2
041 0# - LANGUAGE CODE
Language code of text/sound track or separate title eng
044 ## - COUNTRY OF PUBLISHING/PRODUCING ENTITY CODE
MARC country code ja
082 04 - DEWEY DECIMAL CLASSIFICATION NUMBER
Classification number 294.3
100 1# - MAIN ENTRY--PERSONAL NAME
Personal name Masutani, Fumio,
Dates associated with a name 1902-1987
9 (RLIN) 315563
245 12 - TITLE STATEMENT
Title A comparative study of Buddhism and Christianity /
Statement of responsibility, etc. Fumio Masutani
250 ## - EDITION STATEMENT
Edition statement [3rd ed.]
260 ## - PUBLICATION, DISTRIBUTION, ETC.
Place of publication, distribution, etc. Tokyo :
Name of publisher, distributor, etc. Bukkyo Dendo Kyokai,
Date of publication, distribution, etc. c1967
300 ## - PHYSICAL DESCRIPTION
Extent iv, 2, 184, 9 p. :
Other physical details ill. ;
Dimensions 22 cm.
500 ## - GENERAL NOTE
General note Includes index
650 #0 - SUBJECT ADDED ENTRY--TOPICAL TERM
Topical term or geographic name entry element Christianity and other religions
General subdivision Buddhism
9 (RLIN) 187390
650 #0 - SUBJECT ADDED ENTRY--TOPICAL TERM
Topical term or geographic name entry element Buddha and Buddhism
General subdivision Relations
-- Christianity
9 (RLIN) 314160
650 #0 - SUBJECT ADDED ENTRY--TOPICAL TERM
Topical term or geographic name entry element Comparative, Philosophy
9 (RLIN) 315564
887 ## - NON-MARC INFORMATION FIELD
Content of non-MARC field
901 ## - LOCAL DATA ELEMENT A, LDA (RLIN)
a EX1903
b 17.2.1979
902 ## - LOCAL DATA ELEMENT B, LDB (RLIN)
a E 294.3 M 399 (1)
942 ## - ADDED ENTRY ELEMENTS (KOHA)
Source of classification or shelving scheme Dewey Decimal Classification
Koha item type Books
949 ## - LOCAL PROCESSING INFORMATION (OCLC)
-- VIRTUAITEM
-- 10000
-- 100
6 EXX000001903ENG
Holdings
Withdrawn status Lost status Damaged status Not for loan Collection code Home library Current library Shelving location Date acquired Total Checkouts Full call number Barcode Date last seen Price effective from Koha item type
        New English National Library of India National Library of India New English - Main Stack Division     E 294.3 M 399 (1) EXX000001903ENG 02/06/2021 02/06/2021 Books
                                                                           
web counter

Copyright ©2020 The National Library of India, Govt. of India ↔ Hosted by NVLI, MOC ↔ Technology and Design by National Library of India, Ministry of Culture, Govt. of India